000 00446nam a22001457a 4500
003 NUST
038 _aNusrat Nadeem
082 _a200
100 _aTabassum, Sumaira
_9131626
245 _aAI Based Chromosomal Aberration Detection in Karyograms/
_cSumaira Tabassum,
264 _aIslamabad:
_bSMME NUST.
_c2025.
650 _aPhD-Robotics and Intelligent Machine Engineering
_9123222
856 _uSupervisor: Dr.Javaid Iqbal
942 _2ddc
_cSC
999 _c615254
_d615254